El contexto hace la diferencia : reformas institucionales y el enfoque histórico-empirico /
Gespeichert in:
| 1. Verfasser: | |
|---|---|
| Weitere Verfasser: | |
| Format: | Buch |
| Sprache: | Spanisch |
| Veröffentlicht: |
México :
UNAM, Instituto de Investigaciones Jurídicas : Tribunal Electoral del Poder Judicial de la Federación,
2005, c2005
|
| Ausgabe: | 2a edición |
| Schriftenreihe: | (Estudios Jurídicos ;
53) |
| Schlagworte: | |
| Tags: |
Keine Tags, Fügen Sie das erste Tag hinzu!
|
MARC
| LEADER | 00000nam^a2200000^a^4500 | ||
|---|---|---|---|
| 001 | 000393858 | ||
| 005 | 20250521000000.0 | ||
| 009 | 20260310121320.793 | ||
| 020 | |a 970-32-0970-X | ||
| 025 | |a Donación Buena Prensa, 1 ejemplar (noviembre 2016) | ||
| 037 | |a Acervo Xavier Clavigero | ||
| 041 | |a ESP | ||
| 082 | |a 320. 980 |b NOH | ||
| 100 | |a Nohlen, Dieter |e (autor) | ||
| 245 | 1 | 3 | |a El contexto hace la diferencia : |b reformas institucionales y el enfoque histórico-empirico / |c D. Nohlen ; ed. y pról. de C. Zilla. |
| 250 | |a 2a edición | ||
| 264 | 4 | |a México : |b UNAM, Instituto de Investigaciones Jurídicas : |b Tribunal Electoral del Poder Judicial de la Federación, |c 2005, c2005 | |
| 300 | |a IX, 224 p. | ||
| 336 | |a texto |b txt |2 rdacontenido | ||
| 337 | |a sin mediación |b n |2 rdamedio | ||
| 338 | |a volumen |b nc |2 rdasoporte | ||
| 440 | 1 | |a (Estudios Jurídicos ; |v 53) | |
| 649 | |a XX | ||
| 650 | |a Presidencialismo - |z Latinoamérica | ||
| 650 | |a Presidencialismo | ||
| 650 | |a Parlamentarismo - |z Latinoamérica | ||
| 650 | |a Parlamentarismo | ||
| 650 | |a Reforma Electoral - |z Latinoamérica | ||
| 650 | |a Reforma Electoral | ||
| 650 | |a Reforma Política - |z Latinoamérica | ||
| 650 | |a Reforma Política | ||
| 650 | |a Sistema Electoral - |z Latinoamérica | ||
| 650 | |a Sistema Electoral | ||
| 650 | |a Partidos Políticos - |z Latinoamérica | ||
| 650 | |a Partidos Políticos | ||
| 650 | |a Sistema Político - |z Latinoamérica | ||
| 650 | |a Sistema Político | ||
| 650 | |a Democracia - |z Latinoamérica | ||
| 650 | |a Democracia | ||
| 650 | |a Derecho Electoral - |z Latinoamérica | ||
| 650 | |a Derecho Político - |z Latinoamérica - |x Tema Principal | ||
| 650 | |a Política - |x Estudio y Enseñanza | ||
| 650 | |a Política - |z Latinoamérica - |x Tema Principal | ||
| 700 | |a Zilla, Claudia |e (edición) | ||
| 910 | |a Fondo General | ||
| 920 | |a Impresos - Libros | ||
| 930 | |a Colección General | ||
| 905 | |a 101 | ||
| 901 | |a 0500288637 |b IT1 |c ACC |i FXC D |u 20250521 | ||
| 902 | |a https://opac.biblio.iteso.mx/vufind/Record/000393858 | ||